000 00414nam a2200181Ia 4500
001 7496
005 20260306160459.0
008 260306t2013||||xx |||||||||||||| ||spa||
041 _aESP
082 _a339
_bL26 2013
100 _aLarraín B., Felipe
_eAUT
245 0 _aMacroeconomía en la economía global
260 _c2013
300 _a
_c
650 _aGEN
654 _aCAN
942 _cLIB
_dJUS
_fJUS
_2ddc
_n
999 _c7496
_d7496